000 01035nam a2200265Ia 4500
003 OSt
005 20220918110701.0
006 a|||||r|||| 00| 0
007 ta
008 220915b |||||||| |||| 00| 0 hin d
020 _a9789386863065 (hbk)
_cINR 795.00
024 _a61,231
037 _bBR6975, 13/03/2018, Rajkamal Prakashan Pvt. Ltd
_cReference Collections
040 _aARTS
_cARTS
_bhin
041 _2hin
_ahin
082 _aO168x, 152Q3.1(RR)
100 _aशर्मा, नासिरा, संपा.
_98969
245 0 _aअदब में नई पसली
246 _aAdab mean naī pasalī
260 _aइलाहाबाद
_bलोकभारती प्रकाशन भारत
_c2017
490 _vखंड 1
650 _aउर्दू साहित्य
_98970
942 _hO168x, 152Q3.1(RR)
_cREF
999 _c113988
_d113988